| 000 | 00504pab a2200169 454500 | ||
|---|---|---|---|
| 008 | 180718b2010 xxu||||| |||| 00| 0 eng d | ||
| 100 | _aWarren, Dorian T. | ||
| 245 | _aThe American labor movement in the age of Obama: the challenges and opportunities of a racialized political economy | ||
| 260 | _c2010 | ||
| 300 | _ap.847-860. | ||
| 362 | _aSep | ||
| 650 | _aLabour movements - United States | ||
| 650 | _aLabour movements | ||
| 773 | _aPerspectives on Politics | ||
| 908 | _aN | ||
| 909 | _a89481 | ||
| 999 |
_c89481 _d89481 |
||